Özv. Kelter Mátyásné született Schönbaum Anna [gyászjelentés]
Elmentve itt :
| Dokumentumtípus: | Cikk |
|---|---|
| Megjelent: |
1943-03-14
|
| Sorozat: | Délmagyarország
19 No. 60 |
| Kulcsszavak: | Kelter Mátyásné Schönbaum Anna, Gyászjelentés Szeged 1943 |
| Online Access: | http://dmarchiv.bibl.u-szeged.hu/41746 |
| LEADER | 00491nab a2200145 i 4500 | ||
|---|---|---|---|
| 001 | delm41746 | ||
| 005 | 20180927130009.0 | ||
| 008 | 180927s1943 hu o 0|| hun d | ||
| 040 | |a SZTE Délmagyarország Archívum |b hun | ||
| 041 | |a hun | ||
| 245 | 0 | 0 | |a Özv. Kelter Mátyásné született Schönbaum Anna |h [elektronikus dokumentum] : |b [gyászjelentés] |
| 260 | |c 1943-03-14 | ||
| 300 | |a 9 | ||
| 490 | 0 | |a Délmagyarország |v 19 No. 60 | |
| 695 | |a Kelter Mátyásné Schönbaum Anna, Gyászjelentés Szeged 1943 | ||